Foo Fighters - Official Members - Statistics

General Stats
  • This quiz has been taken 201 times
    195 since last reset
  • The average score is 6 of 8
Answer Stats
Hint Answer % Correct
Lead Vocals (All), Rhythm Guitar (1998) + (1999-Now), Lead Guitar (1994-1997) + (1999), Bass (1994-1995), Drums (1994-1995) + (1997) Dave Grohl
99%
Drums, Vocals (1998-Now) Taylor Hawkins
96%
Rhythm Guitar (1995-1997), Guitar (2010-Now), Backing Vocals (1995-1997) + (2010-Now) Pat Smear
92%
Bass (1995-Now) Nate Mendel
79%
Lead Guitar, Backing Vocals (1999-Now) Chris Shiflett
70%
Keyboards, Piano (2005-Now) (Touring Member) Rami Jaffee
60%
Drums, Backing Vocals (1995-1997) William Goldsmith
51%
Lead Guitar, Backing Vocals (1997-1998) Franz Stahl
42%
No matching quizzes found
Score Distribution
Percent of People with Each Score
Percentile by Number Answered
Your Score History
You have not taken this quiz since the last reset